[Event "ECC"]
[Site "Halkidiki GRE"]
[Date "2002.09.22"]
[Round "1"]
[White "Har Zvi,R"]
[Black "Grischuk,A"]
[Result "0-1"]
[WhiteElo "2505"]
[BlackElo "2702"]
[EventDate "2002.09.22"]

1. Nf3 Nf6 2. d4 e6 3. Bg5 c5 4. e3 Be7 5. c3 b6 6. Bd3 Bb7 7. Nbd2 Nc6 8.
O-O d5 9. Qe2 O-O 10. h3 Ne4 11. Bxe7 Nxe7 12. Rfd1 Ng6 13. Rac1 f5 14. c4
Qf6 15. Nb3 Rac8 16. Qe1 f4 17. Rc2 Kh8 18. dxc5 bxc5 19. Be2 dxc4 20. Rxc4
Qxb2 21. Ra4 Bd5 22. Bd3 c4 23. Bxe4 Bxe4 24. Nbd4 fxe3 25. Nxe6 exf2+ 0-1

[Event "ECC"]
[Site "Halkidiki GRE"]
[Date "2002.09.22"]
[Round "1"]
[White "Fressinet,L"]
[Black "Zoler,D"]
[Result "1/2-1/2"]
[WhiteElo "2619"]
[BlackElo "2503"]
[EventDate "2002.09.22"]

1. e4 e5 2. Nf3 Nc6 3. Bb5 a6 4. Ba4 Nf6 5. O-O Be7 6. Re1 b5 7. Bb3 d6 8.
c3 O-O 9. d4 Bg4 10. d5 Na5 11. Bc2 c6 12. h3 Bc8 13. dxc6 Qc7 14. Nbd2
Qxc6 15. a4 Bb7 16. Nf1 h6 17. Ng3 Rfe8 18. Nh2 Nc4 19. Ng4 d5 20. Qf3 dxe4
21. Nxe4 Nxg4 22. hxg4 Nd6 23. Qh3 Nxe4 24. Bxe4 Qc7 25. Qf3 Bxe4 26. Qxe4
Rad8 27. axb5 axb5 28. Ra6 Bf8 29. Be3 Qc4 30. Qxc4 bxc4 31. Ra4 Rc8 32.
Bc1 Red8 33. g3 f6 34. Kg2 Rd7 35. Re4 Rdc7 36. Kf1 Kf7 37. Ra6 Be7 38. Ke2
1/2-1/2

[Event "ECC"]
[Site "Halkidiki GRE"]
[Date "2002.09.22"]
[Round "1"]
[White "Hauchard,A"]
[Black "Stisis,Y"]
[Result "1/2-1/2"]
[WhiteElo "2509"]
[BlackElo "2405"]
[EventDate "2002.09.22"]

1. c4 e5 2. Nc3 Bb4 3. Nd5 Be7 4. d4 d6 5. e4 c6 6. Nxe7 Qxe7 7. Ne2 Nf6 8.
Nc3 Na6 9. Be2 O-O 10. O-O h6 11. Be3 Nc7 12. d5 c5 13. a3 Nce8 14. b4 b6
15. Rb1 g5 16. Rb2 Ng7 17. bxc5 dxc5 18. a4 Bd7 19. a5 Qd6 20. Qc2 Rfb8 21.
Rfb1 Nge8 22. Qd2 Nh7 23. Nb5 Bxb5 24. Rxb5 Nc7 25. R5b3 Na6 26. axb6 axb6
27. Ra3 Nb4 28. Rba1 Rxa3 29. Rxa3 Nf6 30. f3 Qd8 31. h4 Nh7 32. hxg5 hxg5
33. g3 f6 34. Bf1 Ra8 35. Rxa8 Qxa8 36. Bh3 Qa1+ 37. Kh2 Qa2 38. Kg2 Kf7
39. Be6+ Ke7 40. Qxa2 Nxa2 41. Bf5 Nf8 42. Kf2 Nb4 43. Ke2 Nc2 44. Kd2 Nd4
45. Bg4 Kd6 46. Kd3 Nd7 47. Bd2 Nb8 48. f4 gxf4 49. gxf4 Na6 50. Bd1 Nb4+
51. Kc3 Na2+ 52. Kb2 Nb4 1/2-1/2

[Event "ECC"]
[Site "Halkidiki GRE"]
[Date "2002.09.22"]
[Round "1"]
[White "Romero Holmes,A"]
[Black "Zvjaginsev,V"]
[Result "1/2-1/2"]
[WhiteElo "2524"]
[BlackElo "2673"]
[EventDate "2002.09.22"]

1. c4 e6 2. d4 d5 3. g3 dxc4 4. Bg2 Nc6 5. Qa4 Rb8 6. e3 Bb4+ 7. Bd2 Qd6 8.
Qb5 Nf6 9. Ne2 Bd7 10. Qxc4 Bxd2+ 11. Nxd2 e5 12. O-O exd4 13. Nxd4 Nxd4
14. exd4 O-O 15. d5 c6 16. dxc6 Bxc6 17. Rfd1 Rbc8 18. Nf1 Qe5 19. Qd4 Qxd4
20. Rxd4 Bxg2 21. Kxg2 Rc2 22. Rd2 Rxd2 23. Nxd2 Rc8 24. Nb3 Kf8 25. Rc1
Rxc1 26. Nxc1 Ke7 27. f3 Kd6 28. Kf2 Ke5 29. Ke3 Nd5+ 30. Kd3 g5 31. a3 f5
32. Nb3 f4 33. g4 b5 34. Nd4 a6 35. Nc6+ Kd6 36. Nb4 Nxb4+ 1/2-1/2

[Event "ECC"]
[Site "Halkidiki GRE"]
[Date "2002.09.22"]
[Round "1"]
[White "Glek,I"]
[Black "Hernando Rodrigo,Jo"]
[Result "0-1"]
[WhiteElo "2590"]
[BlackElo "2393"]
[EventDate "2002.09.22"]

1. e4 d5 2. exd5 Qxd5 3. Nc3 Qa5 4. d4 Nf6 5. Nf3 Bg4 6. h3 Bh5 7. g4 Bg6
8. Ne5 e6 9. Bg2 c6 10. h4 Be4 11. Bxe4 Nxe4 12. Qf3 Nd6 13. Bg5 Nd7 14.
Nxd7 Kxd7 15. O-O-O Re8 16. Kb1 Kc8 17. Rhe1 Be7 18. Re5 Qd8 19. Rc5 Bxg5
20. hxg5 Re7 21. a4 Ne8 22. d5 exd5 23. Rdxd5 Re1+ 24. Ka2 Qe7 25. Nb5 a6
26. Nd4 Nc7 27. Qf5+ Re6 28. Nxe6 fxe6 29. Re5 Qxc5 30. Qf4 Qxc2 31. Re4
Nd5 0-1

[Event "ECC"]
[Site "Halkidiki GRE"]
[Date "2002.09.22"]
[Round "1"]
[White "Polzin,R"]
[Black "Akopian,V"]
[Result "1/2-1/2"]
[WhiteElo "2462"]
[BlackElo "2678"]
[EventDate "2002.09.22"]

1. e4 g6 2. d4 Bg7 3. Nc3 c6 4. h3 d6 5. a4 a5 6. Be3 Nf6 7. g4 Na6 8. Bg2
Nb4 9. Nge2 h5 10. g5 Nh7 11. f4 d5 12. f5 gxf5 13. exd5 cxd5 14. h4 Nf8
15. Nf4 e5 16. dxe5 d4 17. Nb5 Bxe5 18. Bd2 Ng6 19. O-O O-O 20. Qxh5 Ra6
21. Nxg6 Rxg6 22. Rac1 d3 23. c3 Nc6 24. Qf3 Bb8 25. Rce1 Ne5 26. Qd5 Be6
27. Qxd8 Rxd8 28. Bf4 Nc4 29. Bxb8 Rxb8 30. Rf2 d2 31. Rd1 Nxb2 32. Rdxd2
Nxa4 33. Bh3 Rc8 34. Bxf5 Bxf5 35. Rxf5 Re6 36. Rd7 Nxc3 37. Nxc3 Rxc3 38.
Rfxf7 Re2 39. Rf2 Re4 40. Rxb7 Rxh4 41. Rd2 Rg4+ 42. Rg2 Rxg2+ 43. Kxg2 a4
44. Ra7 a3 45. g6 Rb3 46. g7 Kh7 47. Kh2 Rb2+ 48. Kg3 Ra2 49. Kh3 Ra1 50.
Kh2 a2 51. Kg2 1/2-1/2

[Event "ECC"]
[Site "Halkidiki GRE"]
[Date "2002.09.22"]
[Round "1"]
[White "Baklan,V"]
[Black "Borriss,M"]
[Result "1-0"]
[WhiteElo "2614"]
[BlackElo "2439"]
[EventDate "2002.09.22"]

1. e4 c5 2. Nf3 d6 3. d4 cxd4 4. Nxd4 Nf6 5. Nc3 Nc6 6. f3 e5 7. Nb3 Be6 8.
Nd5 Bxd5 9. exd5 Ne7 10. Bg5 Nd7 11. Qd2 h6 12. Bh4 Qc7 13. c4 Ng6 14. Bf2
Be7 15. g3 O-O 16. h4 a5 17. Qc2 Bd8 18. Nd2 a4 19. Bh3 Nf6 20. O-O-O Qa5
21. c5 a3 22. b3 dxc5 23. Nc4 Qa7 24. Rhe1 b5 25. Nd6 Qa6 26. Nxf7 Nxd5 27.
Nxh6+ gxh6 28. Rxd5 Rxf3 29. Bxc5 Qf6 30. Rd6 1-0

[Event "ECC"]
[Site "Halkidiki GRE"]
[Date "2002.09.22"]
[Round "1"]
[White "Poldauf,D"]
[Black "Timofeev,Ar"]
[Result "1-0"]
[WhiteElo "2410"]
[BlackElo "2558"]
[EventDate "2002.09.22"]

1. c4 c5 2. g3 g6 3. Bg2 Bg7 4. Nc3 Nc6 5. a3 d6 6. e3 Nh6 7. h4 e5 8. Nge2
O-O 9. d3 Be6 10. Rb1 Rc8 11. b4 b6 12. Nd5 Nf5 13. h5 cxb4 14. axb4 b5 15.
hxg6 hxg6 16. Nec3 bxc4 17. dxc4 Nce7 18. Qd3 Nxd5 19. Nxd5 Ne7 20. Bb2 Bf5
21. e4 Nxd5 22. exf5 Nxb4 23. Qb3 a5 24. fxg6 Qf6 25. gxf7+ Qxf7 26. O-O
Qxc4 27. Qd1 Qd3 28. Qg4 Qc4 29. Be4 Qf7 30. f4 exf4 31. Rxf4 Qa7+ 32. Kh1
Rce8 33. Qg6 Rxf4 34. Qxe8+ Rf8 35. Qg6 Rf2 36. Rc1 Nc2 37. Bd5+ Kf8 38.
Qxd6+ Ke8 39. Bc6+ Kf7 40. Bd5+ Ke8 41. Qg6+ Kd8 42. Bxg7 1-0

[Event "ECC"]
[Site "Halkidiki GRE"]
[Date "2002.09.22"]
[Round "1"]
[White "Yandemirov,V"]
[Black "Thiede,L"]
[Result "0-1"]
[WhiteElo "2502"]
[BlackElo "2416"]
[EventDate "2002.09.22"]

1. Nf3 Nf6 2. g3 g6 3. Bg2 Bg7 4. O-O O-O 5. d4 d6 6. c3 Nbd7 7. Nbd2 e5 8.
dxe5 dxe5 9. Qc2 Re8 10. Ng5 h6 11. Nge4 Nxe4 12. Nxe4 f5 13. Nd2 e4 14.
Nc4 Qe7 15. Ne3 Ne5 16. b3 Be6 17. Bb2 Red8 18. Rad1 Nc6 19. Rxd8+ Rxd8 20.
Rd1 Rxd1+ 21. Qxd1 Qc5 22. Qa1 a5 23. Nc2 0-1

[Event "ECC"]
[Site "Halkidiki GRE"]
[Date "2002.09.22"]
[Round "1"]
[White "Hoelzl,F"]
[Black "Krasenkow,M"]
[Result "0-1"]
[WhiteElo "2393"]
[BlackElo "2662"]
[EventDate "2002.09.22"]

1. Nf3 g6 2. d4 Bg7 3. e4 d6 4. Bd3 e5 5. Bg5 Ne7 6. c3 O-O 7. O-O h6 8.
Be3 exd4 9. Bxd4 Nec6 10. Bxg7 Kxg7 11. Nbd2 Nd7 12. Nb3 b6 13. Nfd4 Bb7
14. Re1 Nce5 15. Bf1 Nc5 16. Qc2 Qf6 17. Rad1 Rae8 18. Nxc5 bxc5 19. Nb5
Re7 20. b4 Qh4 21. bxc5 dxc5 22. c4 f5 23. exf5 Rxf5 24. Qb2 Kh7 25. Re3
Ref7 26. f3 Nxf3+ 27. gxf3 Qg5+ 0-1

[Event "ECC"]
[Site "Halkidiki GRE"]
[Date "2002.09.22"]
[Round "1"]
[White "Macieja,B"]
[Black "Steflitsch,E"]
[Result "1/2-1/2"]
[WhiteElo "2607"]
[BlackElo "2399"]
[EventDate "2002.09.22"]

1. e4 e5 2. Nf3 Nc6 3. d4 exd4 4. Nxd4 Nf6 5. Nxc6 bxc6 6. e5 Qe7 7. Qe2
Nd5 8. c4 Nb6 9. Nc3 Bb7 10. Bd2 O-O-O 11. O-O-O Re8 12. Re1 Qe6 13. f4 Bb4
14. Qf2 d5 15. a3 Bxc3 16. Bxc3 dxc4 17. Rd1 Rd8 18. Be2 Nd5 19. Bxc4 Qf5
20. Bd2 g5 21. g3 gxf4 22. gxf4 Rhg8 23. Rhg1 Rg6 24. Rg3 Nb6 25. Be2 c5
26. Rxg6 hxg6 27. Qxc5 Rd5 28. Qg1 Kb8 29. Be3 Qe4 30. Qf2 Nc4 31. Bxa7+
Ka8 32. Bd4 Na5 33. b4 Nb3+ 34. Kb2 Rxd4 35. Kc3 Qc6+ 36. Kxb3 Qd5+ 37. Kb2
Rxd1 38. Bxd1 Qxd1 39. Qc5 Qd2+ 40. Kb3 Qd1+ 41. Kb2 Qd2+ 42. Kb3 Bd5+ 43.
Ka4 Qd1+ 44. Ka5 Qd3 45. Qxc7 Qxa3+ 46. Kb5 Qd3+ 47. Kb6 Qd4+ 48. Qc5 Qxc5+
49. Kxc5 Be6 50. Kc6 Kb8 51. h4 Kc8 52. Kd6 Kb7 53. Ke7 Kc6 54. Kf6 Kb5 55.
f5 gxf5 56. Kg5 f4 57. Kxf4 Kxb4 58. h5 Bb3 59. Kg5 Kc5 60. h6 Bc2 61. Kf6
Kd5 1/2-1/2

[Event "ECC"]
[Site "Halkidiki GRE"]
[Date "2002.09.22"]
[Round "1"]
[White "Pilaj,H"]
[Black "Kempinski,R"]
[Result "0-1"]
[WhiteElo "2312"]
[BlackElo "2587"]
[EventDate "2002.09.22"]

1. e4 c5 2. Nc3 a6 3. g3 b5 4. Bg2 Bb7 5. d3 e6 6. Nh3 Nf6 7. O-O d6 8. f4
Nc6 9. f5 exf5 10. exf5 Be7 11. g4 b4 12. Nd5 Nxd5 13. Bxd5 Qd7 14. Nf4 Bf6
15. Qe2+ Be5 16. Ne6 fxe6 17. fxe6 Qc7 18. Rf7 Ne7 19. Bg5 Bd4+ 20. Kf1
Bxd5 0-1

[Event "ECC"]
[Site "Halkidiki GRE"]
[Date "2002.09.22"]
[Round "1"]
[White "Rozentalis,E"]
[Black "Titz,Hei"]
[Result "1-0"]
[WhiteElo "2564"]
[BlackElo "2309"]
[EventDate "2002.09.22"]

1. e4 c5 2. c3 d5 3. exd5 Qxd5 4. d4 Nf6 5. Nf3 e6 6. Be3 Nbd7 7. c4 Qc6 8.
Nc3 cxd4 9. Nxd4 Qc7 10. Be2 a6 11. O-O b6 12. Bf3 Bb7 13. Rc1 Rc8 14. Re1
Bb4 15. Nd5 exd5 16. Bf4+ Bxe1 17. Qxe1+ Kd8 18. Bxc7+ Rxc7 19. Nf5 Re8 20.
Qd1 Re6 21. h3 g6 22. Nd4 Rd6 23. Qd2 dxc4 24. Bxb7 Rxb7 25. Qf4 Rd5 26.
Nc6+ Ke8 27. Re1+ 1-0

[Event "ECC"]
[Site "Halkidiki GRE"]
[Date "2002.09.22"]
[Round "1"]
[White "Sakaev,K"]
[Black "Chuchelov,V"]
[Result "1/2-1/2"]
[WhiteElo "2647"]
[BlackElo "2591"]
[EventDate "2002.09.22"]

1. d4 Nf6 2. c4 e6 3. Nf3 b6 4. g3 Ba6 5. Nbd2 Bb4 6. Qc2 c5 7. Bg2 Bb7 8.
dxc5 Bxc5 9. O-O Be7 10. b3 Qc7 11. Bb2 d6 12. Rac1 Nbd7 13. e4 O-O 14. Nd4
a6 15. Rfe1 Rfe8 16. Qd1 Rac8 17. Nb1 Qb8 18. Nc3 Bf8 19. h3 Ba8 20. a4 g6
21. Rb1 Bg7 22. Ba1 1/2-1/2

[Event "ECC"]
[Site "Halkidiki GRE"]
[Date "2002.09.22"]
[Round "1"]
[White "Kishnev,S"]
[Black "Volkov,S"]
[Result "1/2-1/2"]
[WhiteElo "2497"]
[BlackElo "2636"]
[EventDate "2002.09.22"]

1. d4 d5 2. c4 c6 3. Nf3 Nf6 4. e3 Bf5 5. Nc3 e6 6. Nh4 Be4 7. f3 Bg6 8.
Qb3 Qc7 9. Bd2 Be7 10. O-O-O Nbd7 11. cxd5 Nxd5 12. Nxg6 hxg6 13. Nxd5 exd5
14. e4 O-O-O 15. exd5 cxd5+ 16. Kb1 Qd6 17. g3 g5 18. Bd3 Kb8 19. f4 f6 20.
Rde1 Nb6 21. Re2 Rc8 22. Rhe1 Nc4 23. Bxc4 dxc4 24. Qf3 Bd8 25. d5 Rc5 26.
fxg5 Qxd5 27. Bf4+ Kc8 28. Qxd5 1/2-1/2

[Event "ECC"]
[Site "Halkidiki GRE"]
[Date "2002.09.22"]
[Round "1"]
[White "Popov,Val"]
[Black "Coenen,N"]
[Result "1/2-1/2"]
[WhiteElo "2579"]
[BlackElo "2425"]
[EventDate "2002.09.22"]

1. e4 c5 2. Nf3 e6 3. c4 Nc6 4. Nc3 Nf6 5. Be2 d5 6. cxd5 exd5 7. e5 Ng4 8.
Bb5 d4 9. Bxc6+ bxc6 10. Na4 Qd5 11. O-O Be7 12. Re1 d3 13. b3 c4 14. Nc3
Qe6 15. bxc4 Qxc4 16. h3 Nh6 17. Re4 Qe6 18. Nd4 Qg6 19. e6 O-O 20. Qb3 Kh8
21. Nxc6 Bf6 22. Ba3 Bxc3 23. Qxc3 Qxe4 24. Bxf8 f6 25. Nd8 Bxe6 26. Qc7
Nf5 27. Nxe6 Qxe6 28. Bc5 Qd5 1/2-1/2

[Event "ECC"]
[Site "Halkidiki GRE"]
[Date "2002.09.22"]
[Round "1"]
[White "Ahn,M"]
[Black "Ivanov,Se"]
[Result "0-1"]
[WhiteElo "2294"]
[BlackElo "2561"]
[EventDate "2002.09.22"]

1. e4 e6 2. d4 d5 3. Nc3 Bb4 4. e5 c5 5. a3 Bxc3+ 6. bxc3 Ne7 7. Qg4 O-O 8.
Bd3 Qa5 9. Bd2 Nbc6 10. Qh5 h6 11. Nf3 c4 12. Be2 f6 13. exf6 Rxf6 14. Ne5
Qa4 15. Ra2 Nxe5 16. Qxe5 Nc6 17. Qd6 e5 18. Qxd5+ Be6 19. Qe4 exd4 20. O-O
Rd8 21. Rb2 Bf5 22. Qh4 b5 23. Bf3 Ne5 24. Bd1 a6 25. cxd4 Nc6 26. d5 Qxa3
27. Bc1 Ne7 28. Qd4 c3 29. Rb1 Qa5 30. Rb3 Nxd5 31. Bf3 b4 32. Qc4 Bxc2 33.
Rxb4 Bd3 34. Bxd5+ Qxd5 35. Qxd5+ Rxd5 36. Re1 c2 37. f3 Bg6 38. Rb7 Rd1
39. Rbe7 Rb6 40. Kf2 Rb1 41. Ba3 c1=Q 42. Bxc1 Rbxc1 43. R1e6 Rc2+ 44. Kg3
Rdd2 0-1

[Event "ECC"]
[Site "Halkidiki GRE"]
[Date "2002.09.22"]
[Round "1"]
[White "Smirnov,P"]
[Black "Marechal,A"]
[Result "1-0"]
[WhiteElo "2539"]
[BlackElo "2288"]
[EventDate "2002.09.22"]

1. e4 e6 2. d4 d5 3. Nc3 Nf6 4. e5 Nfd7 5. Nce2 c5 6. f4 Nc6 7. Nf3 Be7 8.
c3 O-O 9. g3 Qb6 10. Bh3 a5 11. O-O a4 12. Kh1 f5 13. g4 cxd4 14. gxf5 exf5
15. cxd4 Qd8 16. Rg1 Nb6 17. Nc3 Be6 18. Ng5 Qd7 19. Be3 Nc4 20. Qe2 Bxg5
21. Rxg5 Nxe3 22. Qxe3 Ne7 23. Rag1 g6 24. Bf1 a3 25. b3 Rfe8 26. h4 Qc7
27. R5g3 Kh8 28. Be2 Qb6 29. Rh3 Qa5 30. Qg3 Qb4 31. h5 Rg8 32. Qg5 Raf8
33. Qh6 Rf7 34. Bf1 Qxd4 35. Nb5 Qf2 36. Rh2 Qb6 37. Nd6 Rfg7 38. Rg3 Qc7
39. Qg5 gxh5 40. Qf6 Qc1 41. Rf2 d4 42. Rxg7 Rxg7 43. Ne8 1-0

[Event "ECC"]
[Site "Halkidiki GRE"]
[Date "2002.09.22"]
[Round "1"]
[White "Petzold,K"]
[Black "Anisimov,P"]
[Result "1-0"]
[WhiteElo "2257"]
[BlackElo "2434"]
[EventDate "2002.09.22"]

1. Nf3 c5 2. c4 Nc6 3. g3 g6 4. Bg2 Bg7 5. Nc3 e6 6. d4 cxd4 7. Nb5 d5 8.
O-O dxc4 9. Qa4 Nge7 10. e3 e5 11. exd4 exd4 12. Bf4 O-O 13. Rad1 Bg4 14.
Qxc4 a6 15. Nd6 Qd7 16. Ne4 Qd5 17. Qe2 Qxa2 18. h3 Be6 19. Rfe1 Nd5 20.
Bc1 Rfe8 21. Nfg5 Bf5 22. Qf3 Ne5 23. Qe2 d3 24. Qd2 h6 25. g4 Bd7 26. Nf3
Nxf3+ 27. Bxf3 Ba4 28. Nd6 Red8 29. Nxb7 Bxd1 30. Rxd1 Re8 31. Qxd3 Nc7 32.
Qd7 Qb3 33. Kg2 Rac8 34. Nd6 Red8 35. Qc6 Rxd6 36. Rxd6 Qb5 37. Bf4 Qb4 38.
Bg3 Qb5 39. Bd5 1-0

[Event "ECC"]
[Site "Halkidiki GRE"]
[Date "2002.09.22"]
[Round "1"]
[White "Stefansson,H"]
[Black "Filippov,V"]
[Result "0-1"]
[WhiteElo "2588"]
[BlackElo "2615"]
[EventDate "2002.09.22"]

1. e4 c5 2. Nf3 Nc6 3. d4 cxd4 4. Nxd4 Nf6 5. Nc3 e5 6. Ndb5 d6 7. Bg5 a6
8. Na3 b5 9. Nd5 Be7 10. Bxf6 Bxf6 11. c3 O-O 12. Nc2 Bg5 13. a4 bxa4 14.
Rxa4 a5 15. Bc4 Rb8 16. b3 Kh8 17. O-O f5 18. exf5 Bxf5 19. Nce3 Bg6 20.
Be2 Bf7 21. Bf3 Bxe3 22. fxe3 Bg8 23. Re1 Ne7 24. c4 Nf5 25. Ra2 Qh4 26.
Rae2 a4 27. bxa4 Qxc4 28. Rd2 Nh4 29. e4 Bxd5 30. Rxd5 Rb2 31. Rb5 Ra2 32.
Qxd6 Qf7 33. Rf1 Nxf3+ 34. gxf3 Qf4 35. Rf2 Rxf2 36. Kxf2 Qxf3+ 37. Ke1
Qe3+ 0-1

[Event "ECC"]
[Site "Halkidiki GRE"]
[Date "2002.09.22"]
[Round "1"]
[White "Kobalia,M"]
[Black "Asmundsson,I"]
[Result "1/2-1/2"]
[WhiteElo "2625"]
[BlackElo "2338"]
[EventDate "2002.09.22"]

1. e4 c5 2. Nf3 e6 3. d4 cxd4 4. Nxd4 a6 5. Bd3 Nc6 6. Nxc6 bxc6 7. O-O d5
8. c4 Nf6 9. Nd2 Be7 10. Qe2 O-O 11. f4 dxe4 12. Nxe4 Rb8 13. Ng5 Bc5+ 14.
Kh1 Bd4 15. Nf3 c5 16. Nxd4 cxd4 17. b3 Qd6 18. Bb2 Bb7 19. Rad1 Rbd8 20.
h3 Rfe8 21. Qf2 e5 22. fxe5 Qxe5 23. Rde1 Qh5 24. Kg1 Be4 25. Qg3 Qg6 26.
Qxg6 hxg6 27. Rd1 Nh5 28. c5 Bxd3 29. Rxd3 Re4 30. g3 f5 31. Rfd1 Re2 32.
Rxd4 Rxd4 33. Rxd4 Rc2 34. Rc4 Rxc4 35. bxc4 Kf7 36. c6 Ke6 37. c5 Nxg3 38.
Bxg7 Ne2+ 39. Kf2 Nf4 40. Bh6 Nd3+ 41. Ke3 Nb4 42. c7 Nd5+ 43. Kd4 Nxc7 44.
Bd2 Nd5 45. a4 Ne7 46. Bf4 Nc6+ 47. Kc4 Na5+ 48. Kb4 Nc6+ 49. Kc4 Na5+ 50.
Kb4 1/2-1/2

[Event "ECC"]
[Site "Halkidiki GRE"]
[Date "2002.09.22"]
[Round "1"]
[White "Bergsson,Sn"]
[Black "Landa,K"]
[Result "0-1"]
[WhiteElo "2288"]
[BlackElo "2621"]
[EventDate "2002.09.22"]

1. d4 d5 2. c4 e6 3. Nc3 Bb4 4. Nf3 Nf6 5. Bg5 dxc4 6. e4 c5 7. e5 cxd4 8.
Qa4+ Nc6 9. O-O-O Bd7 10. Ne4 Be7 11. exf6 gxf6 12. Bh4 a6 13. Qxc4 e5 14.
Nxe5 Nxe5 15. Qxd4 Qc7+ 16. Qc3 Rc8 17. Qxc7 Rxc7+ 18. Kb1 Bf5 19. f3 O-O
20. Be2 Rfc8 21. Rc1 Nc4 22. Bxc4 Rxc4 23. b3 R4c6 24. Rxc6 Rxc6 25. Rc1
Re6 26. Re1 Bb4 27. Re2 Bg6 28. Kb2 Kg7 29. Bf2 f5 30. Bd4+ Kf8 31. Ng3 Bd6
32. Rd2 h5 33. Bf2 Bf4 34. Bc5+ Kg7 35. Bd4+ Kh6 36. Re2 Rd6 37. Bf2 Bg5
38. Nf1 f4 39. Rd2 Bf6+ 40. Kc1 Bd3 41. Rd1 Rc6+ 42. Kd2 Bb5 0-1

[Event "ECC"]
[Site "Halkidiki GRE"]
[Date "2002.09.22"]
[Round "1"]
[White "Bergstrom,P"]
[Black "Palac,M"]
[Result "1/2-1/2"]
[WhiteElo "2306"]
[BlackElo "2564"]
[EventDate "2002.09.22"]

1. e4 c5 2. Nf3 e6 3. d4 cxd4 4. Nxd4 Nf6 5. Nc3 d6 6. Be3 a6 7. f3 b5 8.
g4 Nfd7 9. Qd2 Nb6 10. O-O-O Bb7 11. Qf2 N8d7 12. Bd3 Rc8 13. f4 b4 14.
Nce2 Nc5 15. Ng3 Nxd3+ 16. Rxd3 Nd7 17. Nf3 Qa5 18. Kb1 Nf6 19. Bb6 Nxg4
20. Qd4 Qb5 21. Rhd1 Qc4 22. Qxc4 Rxc4 23. Ne5 Nxe5 24. fxe5 d5 25. b3 Rc8
26. Nh5 Bc5 27. Nxg7+ Ke7 28. Bxc5+ Rxc5 29. Nh5 Rg8 30. Nf6 Rg2 31. R3d2
Rxd2 32. Rxd2 d4 33. Rxd4 Rxe5 34. Ng8+ Kf8 35. Nf6 Bc6 36. Rd6 Kg7 37.
Rxc6 Kxf6 38. Rxa6 Rxe4 39. a4 bxa3 40. c4 Re2 41. Rxa3 Rxh2 42. b4 Ke5 43.
Ra7 Rh4 44. Rc7 Kd6 45. Rxf7 h5 46. Rh7 Rxc4 47. Rxh5 Rxb4+ 48. Kc2 Rd4 49.
Kc3 e5 50. Rh3 Kd5 51. Rd3 Rxd3+ 1/2-1/2

[Event "ECC"]
[Site "Halkidiki GRE"]
[Date "2002.09.22"]
[Round "1"]
[White "Yemelin,V"]
[Black "Lindberg,Bo"]
[Result "1-0"]
[WhiteElo "2534"]
[BlackElo "2284"]
[EventDate "2002.09.22"]

1. e4 c5 2. Nf3 g6 3. c4 Bg7 4. d4 cxd4 5. Nxd4 Nc6 6. Be3 Nf6 7. Nc3 O-O
8. Be2 d6 9. O-O Re8 10. Nc2 Nd7 11. Qe1 Nc5 12. f3 Qa5 13. Nd5 Qxe1 14.
Raxe1 Rb8 15. b4 Ne6 16. Rd1 b6 17. a4 Bb7 18. a5 bxa5 19. b5 Nb4 20. Ncxb4
axb4 21. Nxb4 Nc5 22. Nd3 Nxd3 23. Rxd3 a6 24. Ra3 Ra8 25. g4 Rec8 26. Kf2
Kf8 27. Rd1 axb5 28. Rxa8 Rxa8 29. cxb5 Ke8 30. b6 Ra2 31. Rd2 Rxd2 32.
Bxd2 Bd4+ 33. Be3 Bxe3+ 34. Kxe3 f6 35. Kd4 e5+ 36. Kc4 Kd7 37. Kb5 d5 38.
exd5 Bxd5 39. Kc5 Bb7 40. Bb5+ Kc8 41. Bc6 h5 42. gxh5 gxh5 43. Be4 Ba6 44.
Kd6 Bc4 45. h4 Bb3 46. Bd5 Bc2 47. Ke6 f5 48. Kxe5 Kd7 49. Kf4 Kd6 50. Kg5
1-0

[Event "ECC"]
[Site "Halkidiki GRE"]
[Date "2002.09.22"]
[Round "1"]
[White "Rygaard,Mic"]
[Black "Lugovoi,A"]
[Result "1/2-1/2"]
[WhiteElo "2255"]
[BlackElo "2516"]
[EventDate "2002.09.22"]

1. d4 Nf6 2. Nf3 d5 3. e3 e6 4. Nbd2 c5 5. c3 Nc6 6. Bd3 Be7 7. O-O O-O 8.
dxc5 Bxc5 9. e4 Qc7 10. exd5 exd5 11. Nb3 Bb6 12. Bg5 Ne4 13. Qc1 Bg4 14.
Bf4 Qe7 15. Nfd4 Rac8 16. Qe3 Bd7 17. f3 Nf6 18. Qxe7 Nxe7 19. Bg5 Nf5 20.
Rfe1 Rfe8 21. Kf1 Nd6 22. Bxf6 gxf6 23. Rxe8+ Rxe8 24. Re1 Re5 25. Nd2 Bc7
26. g3 b5 27. f4 Rxe1+ 28. Kxe1 a5 29. Nf1 Bb6 30. Ne3 Bxd4 31. cxd4 Bc6
32. Nf5 Nxf5 33. Bxf5 h6 34. a3 Kf8 35. Kf2 b4 36. axb4 axb4 37. Bd3 Bd7
38. Kf3 Ke7 39. Bc2 Bb5 40. Bf5 Ba4 41. Ke2 Bb5+ 42. Kd2 Kd6 43. Bg4 Ba4
44. Ke3 Bc2 45. Bh5 Ke6 46. Bg4+ Kd6 47. Be2 Ba4 48. Bf3 Bc2 49. Be2 Ba4
50. f5 Ke7 51. Kf4 Bc6 52. Kg4 Kf8 53. Bd1 Kg7 54. Kf4 Kf8 55. Bf3 Ke7 56.
Bd1 Kf8 57. Bc2 Ke7 58. Bb3 Kf8 59. Kg4 Kg7 60. Kf3 Kf8 61. Ke3 Ke7 62. Kd2
Kd6 63. Bc2 Bd7 64. Kc1 Bb5 1/2-1/2

[Event "ECC"]
[Site "Halkidiki GRE"]
[Date "2002.09.22"]
[Round "1"]
[White "Onischuk,Al"]
[Black "Timoscenko,G"]
[Result "1-0"]
[WhiteElo "2644"]
[BlackElo "2508"]
[EventDate "2002.09.22"]

1. d4 Nf6 2. c4 g6 3. Nc3 Bg7 4. e4 d6 5. Nf3 O-O 6. Be2 Na6 7. O-O e5 8.
Be3 Ng4 9. Bg5 f6 10. Bc1 c6 11. h3 Nh6 12. Re1 Nf7 13. Rb1 f5 14. dxe5
Nxe5 15. Nxe5 Bxe5 16. Bh6 Rf7 17. f4 Bxc3 18. bxc3 fxe4 19. Qd4 Nc5 20.
Rbd1 Ne6 21. Qxe4 Qh4 22. Bg4 Qxh6 23. Bxe6 Bxe6 24. Qxe6 Qg7 25. Rxd6 Qxc3
26. Re3 Qc2 27. Rd7 Qb1+ 28. Kh2 Raf8 29. Red3 Qc1 30. R3d4 Qc3 31. f5 gxf5
32. Rxf7 Rxf7 33. Qe5 Qa3 34. Rd8+ Rf8 35. Rd7 Rf7 36. Qe6 Qf8 37. Rxb7 Kg7
38. Qxc6 Rxb7 39. Qxb7+ Kg6 40. Qc7 f4 41. Qxa7 Qd6 42. Qf2 Qc7 43. c5 Qe5
44. c6 Qc3 45. Qf3 Qc4 46. a4 h5 47. a5 Kg5 48. a6 Qxa6 49. Qd5+ Kh6 50.
Qe6+ Kg7 51. Qd7+ Kh6 52. c7 Qg6 53. Qd2 Qc6 54. Qxf4+ Kg6 55. h4 1-0

[Event "ECC"]
[Site "Halkidiki GRE"]
[Date "2002.09.22"]
[Round "1"]
[White "Bednar,Jar"]
[Black "Damljanovic,B"]
[Result "0-1"]
[WhiteElo "2335"]
[BlackElo "2535"]
[EventDate "2002.09.22"]

1. e4 c5 2. Nf3 Nc6 3. d3 g6 4. Nbd2 Bg7 5. g3 e5 6. Bg2 Nge7 7. O-O O-O 8.
c3 d5 9. Re1 d4 10. Nb3 b6 11. cxd4 cxd4 12. Bd2 a5 13. Rc1 Qd6 14. a3 Ba6
15. Na1 Qe6 16. Bf1 h6 17. Nh4 Qa2 18. Rc2 Rac8 19. Qc1 Nb8 20. Qb1 Qe6 21.
Rec1 Rxc2 22. Qxc2 g5 23. Ng2 f5 24. Qb3 Qxb3 25. Nxb3 f4 26. Ne1 Nec6 27.
Bh3 Kf7 28. Bg4 Ke7 29. Kf1 Kd6 30. Ke2 Nd7 31. Bxd7 Kxd7 32. Rc2 f3+ 33.
Kf1 Bb5 34. Rc1 g4 35. Na1 Rc8 36. Rd1 Bf8 37. Bc1 Nd8 38. b3 Ne6 39. Bb2
h5 40. Bc1 Nc5 41. Bg5 Nxe4 0-1

[Event "ECC"]
[Site "Halkidiki GRE"]
[Date "2002.09.22"]
[Round "1"]
[White "Ivanisevic,I"]
[Black "Kajan,M"]
[Result "1-0"]
[WhiteElo "2550"]
[BlackElo "2099"]
[EventDate "2002.09.22"]

1. Nf3 e6 2. d4 Nf6 3. c4 b6 4. Nc3 Bb7 5. a3 d5 6. Qa4+ Qd7 7. Qxd7+ Nbxd7
8. Nb5 Bd6 9. Nd2 a6 10. Nxd6+ cxd6 11. b3 O-O 12. e3 dxc4 13. bxc4 d5 14.
cxd5 Bxd5 15. f3 Bb7 16. e4 b5 17. Nb3 Rac8 18. Na5 Bc6 19. Be3 Nb8 20. Bd3
Ba8 21. Kd2 Nc6 22. Nb3 Rfd8 23. Rhc1 Nd7 24. Rc2 h6 25. Rac1 Ne7 26. Rxc8
Rxc8 27. Rxc8+ Nxc8 28. Kc3 Ncb6 29. Kb4 Na4 30. Bf4 Ndb6 31. Bc7 Nb2 32.
Be2 N6c4 33. Nc5 Bc6 34. Nxa6 f5 35. Nc5 Kf7 36. a4 fxe4 37. fxe4 Nxa4 38.
Nxa4 Ne3 39. Nc3 Nc2+ 40. Kc5 b4 41. Bd1 Ne3 42. Kxb4 Nxd1 43. Nxd1 Bxe4
44. Ne3 Bb7 45. Kc5 Be4 46. Be5 Bb7 47. Kd6 g6 48. g3 h5 49. Nc2 g5 50. Nb4
h4 51. Nc6 Kg6 52. Nd8 Bg2 53. Nxe6 h3 54. Ke7 Kf5 55. Bf6 g4 56. Nf4 Bc6
57. d5 Ba4 58. d6 Bc6 59. Bh8 1-0

[Event "ECC"]
[Site "Halkidiki GRE"]
[Date "2002.09.22"]
[Round "1"]
[White "Degraeve,JM"]
[Black "Vinter Schou,U"]
[Result "1/2-1/2"]
[WhiteElo "2586"]
[BlackElo "2342"]
[EventDate "2002.09.22"]

1. e4 c5 2. Nf3 Nc6 3. c3 Nf6 4. e5 Nd5 5. Bc4 Nb6 6. Bb3 g6 7. d3 Bg7 8.
Bf4 O-O 9. Nbd2 d6 10. exd6 exd6 11. O-O d5 12. Re1 Bf5 13. Bc2 Re8 14.
Rxe8+ Qxe8 15. Nf1 d4 16. c4 Ne5 17. Nxe5 Bxe5 18. Bd2 Bd7 19. b3 Bc6 20.
Qg4 f5 21. Qh3 Qd7 22. Re1 Re8 23. Bd1 Bd6 24. Rxe8+ Qxe8 25. Bf3 Nc8 26.
Bh6 Bc7 27. Bxc6 Qxc6 28. Qh4 Qd6 29. Bg5 Qe6 30. b4 b6 31. b5 Bd6 32. Bh6
Be7 33. Qg3 Nd6 34. Bf4 Nf7 35. Qf3 Kg7 36. Qb7 Qe2 37. Qxa7 Bh4 38. g3 Bd8
39. a4 g5 40. Bc7 Bxc7 41. Qxc7 g4 42. a5 bxa5 43. b6 Kg6 44. Qc6+ Kg7 45.
Qd7 Kg6 46. h4 gxh3 47. b7 Ne5 48. Qe6+ Kg7 49. Qe7+ Kg6 1/2-1/2